NFL Players on the 2000 Best Recruits list - Statistics

General Stats
  • This quiz has been taken 3 times
  • The average score is 4 of 18
Answer Stats
Hint Answer % Correct
Bengals WR Chad Johnson
100%
Cowboys TE Jason Witten
100%
Steelers QB Ben Roethlisberger
67%
Chargers QB Philip Rivers
67%
Vikings DE Jared Allen
33%
Ravens OLB Terrell Suggs
33%
49ers P Andy Lee
0%
Rams QB Brock Berlin
0%
Dolphins DE Cameron Wake
0%
Texans OG Chris Myers
0%
Eagles OT Jason Peters
0%
Falcons DT Jonathan Babineaux
0%
Patriots OG Logan Mankins
0%
Browns QB Luke McCown
0%
Patriots QB Matt Cassel
0%
49ers WR Rasheed Marshall
0%
Patriots DT Vince Wilfork
0%
Ravens FB Vonta Leach
0%
No matching quizzes found
Score Distribution
Percent of People with Each Score
Percentile by Number Answered
Your Score History
You have not taken this quiz